<?xml version="1.0" encoding="UTF-8"?><?xml-stylesheet type="text/xsl" href="static/style.xsl"?><OAI-PMH xmlns="http://www.openarchives.org/OAI/2.0/" xmlns:xsi="http://www.w3.org/2001/XMLSchema-instance" xsi:schemaLocation="http://www.openarchives.org/OAI/2.0/ http://www.openarchives.org/OAI/2.0/OAI-PMH.xsd"><responseDate>2026-06-29T02:40:04Z</responseDate><request verb="GetRecord" identifier="oai:docta.ucm.es:20.500.14352/133910" metadataPrefix="marc">https://docta.ucm.es/rest/oai/request</request><GetRecord><record><header><identifier>oai:docta.ucm.es:20.500.14352/133910</identifier><datestamp>2026-03-11T01:07:04Z</datestamp><setSpec>com_20.500.14352_14</setSpec><setSpec>col_20.500.14352_15</setSpec></header><metadata><record xmlns="http://www.loc.gov/MARC21/slim" xmlns:dcterms="http://purl.org/dc/terms/" xmlns:xsi="http://www.w3.org/2001/XMLSchema-instance" xmlns:doc="http://www.lyncode.com/xoai" xsi:schemaLocation="http://www.loc.gov/MARC21/slim http://www.loc.gov/standards/marcxml/schema/MARC21slim.xsd">
   <leader>00925njm 22002777a 4500</leader>
   <datafield ind2=" " ind1=" " tag="042">
      <subfield code="a">dc</subfield>
   </datafield>
   <datafield ind2=" " ind1=" " tag="720">
      <subfield code="a">Francisco Olmos, José María De</subfield>
      <subfield code="e">author</subfield>
   </datafield>
   <datafield ind2=" " ind1=" " tag="260">
      <subfield code="c">2021</subfield>
   </datafield>
   <datafield ind2=" " ind1=" " tag="520">
      <subfield code="a">Este trabajo se centra en el informe que Luis de Salazar hizo, a petición del rey Felipe V, sobre la creación del sello y escudo del Infante Fernando como Gran Prior de Castilla de la orden de San Juan de Jerusalén. En él se ven los conocimientos históricos y heráldicos del cronista, que debe enfrentarse a opiniones heráldicas basadas en criterios políticos, que marcan un enfrentamiento con el Lugarteniente del Gran Prior, siendo el intermediario José Rodrigo, el Secretario de Estado de Gracia y Justicia. Veremos los argumentos de las partes, los antecedentes, los posibles diseños y al final la resolución tomada por el rey, que servirá de modelo a la heráldica de los infantes de España en los siglos siguientes.</subfield>
   </datafield>
   <datafield ind1="8" ind2=" " tag="024">
      <subfield code="a">0518-6994</subfield>
   </datafield>
   <datafield ind1="8" ind2=" " tag="024">
      <subfield code="a">https://hdl.handle.net/20.500.14352/133910</subfield>
   </datafield>
   <datafield ind1="8" ind2=" " tag="024">
      <subfield code="a">https://hemerotecadigital.cm-lisboa.pt/Periodicos/ArmaseTrofeus/ArmaseTrofeus.htm</subfield>
   </datafield>
   <datafield ind1="8" ind2=" " tag="024">
      <subfield code="a">http://docta.ucm.es/bitstreams/33c945e4-371d-4d41-97b5-008b2c3951cc/download</subfield>
   </datafield>
   <datafield ind2="0" ind1="0" tag="245">
      <subfield code="a">Luis de salazar y castro y las armas del infante fernando como gran prior de la orden de san juan. un informe heráldico (1719-1720)</subfield>
   </datafield>
</record></metadata></record></GetRecord></OAI-PMH>